00304nam a2200133Ia 4500008004100000020001500041040000800056041001000064082001100074100002100085245003700106260001900143300000800162171216s9999 xx 000 0 und d a818522207X bHIN aHINDI aH ALI aDr.Zaid Azad Ali 0aVyvaharik Urdu-Hindi Shabda Kosh bLipi Prakashan g277